Reducing emission of CO2 through innovations in rubber compounding (Record no. 49532)

MARC details
000 -LEADER
fixed length control field 00617nam a2200169Ia 4500
100 ## - MAIN ENTRY--AUTHOR NAME
Personal name Madhusoodanan K.N.
245 #0 - TITLE STATEMENT
Title Reducing emission of CO2 through innovations in rubber compounding
260 ## - PUBLICATION, DISTRIBUTION, ETC. (IMPRINT)
Name of publisher International Workshop on Climate Change and Rubber Cultivation: R & D Priorities, 28-30 July 2010, Rubber Research Institute of India, Kottayam, Kerala, pp. 105-106
Year of publication 2010
650 ## - SUBJECT ADDED ENTRY--TOPICAL TERM
Topical Term CO2 emisstion reduction
650 ## - SUBJECT ADDED ENTRY--TOPICAL TERM
Topical Term Polymeric filler
650 ## - SUBJECT ADDED ENTRY--TOPICAL TERM
Topical Term Tyre compounding
700 ## - ADDED ENTRY--PERSONAL NAME
Personal name Alex R.
700 ## - ADDED ENTRY--PERSONAL NAME
Personal name George B.
700 ## - ADDED ENTRY--PERSONAL NAME
Personal name Thomas K.T.
942 ## - ADDED ENTRY ELEMENTS (KOHA)
Koha item type Bibliography STAF
Holdings
Withdrawn status Lost status Damaged status Not for loan Home library Current library Shelving location Date acquired Koha item type
      Bibliography RRII Library RRII Library Climate change 09/04/2014 Bibliography STAF